Paradise / (Запис № 534718)

МАРК-запис
000 -LEADER
fixed length control field 01178nam a2200265Ia 4500
001 - CONTROL NUMBER
control field paradisenovel00hous
003 - CONTROL NUMBER IDENTIFIER
control field CaSfIA
005 - DATE AND TIME OF LATEST TRANSACTION
control field 20210118205020.0
007 - PHYSICAL DESCRIPTION FIXED FIELD--GENERAL INFORMATION
fixed length control field cr||||
008 - FIXED-LENGTH DATA ELEMENTS--GENERAL INFORMATION
fixed length control field 820802s1982 nyua 000 1 eng d
040 ## - CATALOGING SOURCE
Original cataloging agency IUI
Transcribing agency IUI
Modifying agency CaSfIA
020 ## - INTERNATIONAL STANDARD BOOK NUMBER
International Standard Book Number 084391064X
020 ## - INTERNATIONAL STANDARD BOOK NUMBER
International Standard Book Number 9780843910643
035 ## - SYSTEM CONTROL NUMBER
System control number (OCoLC)8650331
100 1# - MAIN ENTRY--PERSONAL NAME
Personal name Houston, David.
245 10 - TITLE STATEMENT
Title Paradise /
Medium [electronic resource]
Remainder of title a novel
Statement of responsibility, etc by David Houston ; based on the original screenplay by Stuart Gillard.
260 ## - PUBLICATION, DISTRIBUTION, ETC. (IMPRINT)
Place of publication, distribution, etc New York :
Name of publisher, distributor, etc Leisure,
Date of publication, distribution, etc c1982.
300 ## - PHYSICAL DESCRIPTION
Extent 207 p. ;
Other physical details ill. ;
Dimensions 18 cm.
506 ## - RESTRICTIONS ON ACCESS NOTE
Standardized terminology for access restriction Необхідна авторизація на https://archive.org/ (створення облікового запису безкоштовно)
506 ## - RESTRICTIONS ON ACCESS NOTE
Standardized terminology for access restriction Необхідна авторизація на https://openlibrary.org/ (створення облікового запису безкоштовно)
700 1# - ADDED ENTRY--PERSONAL NAME
Personal name Gillard, Stuart.
856 41 - ELECTRONIC LOCATION AND ACCESS
Uniform Resource Identifier <a href="http://www.archive.org/details/paradisenovel00hous">http://www.archive.org/details/paradisenovel00hous</a>
Public note Free eBook from the Internet Archive
856 42 - ELECTRONIC LOCATION AND ACCESS
Uniform Resource Identifier <a href="http://www.openlibrary.org/books/OL24216232M">http://www.openlibrary.org/books/OL24216232M</a>
Public note Additional information and access via Open Library
942 ## - ADDED ENTRY ELEMENTS (KOHA)
Koha item type ЕКнига

Немає доступних примірників.